000 01882nam a2200229Ia 4500
003 Ost
005 20260507075253.0
008 260507s9999||||xx |||||||||||||| ||und||
040 _cfsecg
041 _aara
082 _a330
100 _aبوخاري، لحلو موسى
_eمؤلف
245 0 _aسياسة الصرف الأجنبي و علاقتها بالسياسة النقدية :
_bدراسة تحليلية للاثار الاقتصادية لسياسة الصرف الاجنبي /
_c لحلو موسى بوخاري
260 _aبيروت:
_bمكتبة حسين العصرية,
_c2010
300 _a400 صفحة؛
_bإيضاحات ؛
_c24 سم
504 _aمراجع ص.383 ؛ قائمة المصطلحات ص.375 ؛ ملاحق ص.367
520 _a1) السياسة النقدية في الفكر الاقتصاي : تطور الفكر النقدي من خلال النظريات النقدية ، ماهية و أهداف السياسة النقدية ، أدوات السياسة و فعالية السياسة النقدية و قنوات انتقالها ، السياسة النقدية المعاصرة 2) العلاقة بين سياسة الصرف الأجنبي و السياسة النقدية : سياسة الصرف الاجنبي ، سياسة الصرف والتضخم ، سياسة الصرف و سعر الفائدة ، دور سياسة الصرف الأجنبي في تفعيل السياسة النقدية 3) دراسة حالة الجزائر : مسار الاقتصاد الجزائري 1986 ــ 2007 السياسة النقدية في الاقتصاد الجزائري و تطور سياسة الصرف الجزائر ، أثر سياسة الصرف على السياسة النقدية .
653 _aالسياسة النقدية
653 _aالمالية
653 _aصرف العملات الاجنبية
942 _cكتاب
999 _c43714
_d43714